000 00530nam a22001817a 4500
003 OSt
005 20260226184319.0
008 260226b |||||||| |||| 00| 0 eng d
020 _a0130351326
040 _cChuka university Library.
050 _aHF 5718.22 .M86 2001
100 _aMunter,Mary; Russel Lynn.
_923399
245 _aGuide to presentations.
260 _aUpper Saddle River,New Jersey,07458.
_bPearson Education,Inc.
_c2002.
300 _a114p.
650 _a1.Business presentations.
_923400
942 _2lcc
_cBK
_n0
999 _c21592
_d21592